| 000 | 00446nam a22001577a 4500 | ||
|---|---|---|---|
| 003 | NUST | ||
| 038 | _aSaba | ||
| 082 |
_a004 _bMCS |
||
| 100 |
_aIqbal, Aemun _935024 |
||
| 245 |
_aForensic Analysis of Resilient File System in Windows Server 2012 _cAemun Iqbal |
||
| 260 |
_aIslamabad: _bMCS-NUST, _c2016. |
||
| 300 | _a86p. | ||
| 650 |
_aInformation Security - Forensic Analysis _935025 |
||
| 700 |
_aDr. Imran Rashid _935026 |
||
| 942 |
_2ddc _cTHE |
||
| 999 |
_c540809 _d540809 |
||